EIA and BPEO: Acronyms for good environmental planning? (Record no. 9842)
[ view plain ]
| 000 -LEADER | |
|---|---|
| fixed length control field | 00854cab a2200193 4500 |
| 001 - CONTROL NUMBER | |
| control field | ABS39207 |
| 008 - FIXED-LENGTH DATA ELEMENTS--GENERAL INFORMATION | |
| fixed length control field | 090401t1988 xxu||||| |||| 00| 0 eng d |
| 035 ## - SYSTEM CONTROL NUMBER | |
| System control number | (Sirsi) u15068 |
| 041 ## - LANGUAGE CODE | |
| Language code of text/sound track or separate title | eng |
| 100 ## - MAIN ENTRY--PERSONAL NAME | |
| Personal name | Wood, C. |
| 245 ## - TITLE STATEMENT | |
| Title | EIA and BPEO: Acronyms for good environmental planning? |
| 260 ## - PUBLICATION, DISTRIBUTION, ETC. | |
| Date of publication, distribution, etc. | 1988 |
| 350 ## - PRICE (NR) (BK AM CF MU VM SE) [OBSOLETE] | |
| Price | 0 |
| 490 ## - SERIES STATEMENT | |
| Series statement | Journal of Planning and Environment Law |
| Volume/sequential designation | May 1988, 310(12) |
| 520 ## - SUMMARY, ETC. | |
| Summary, etc. | Explains the best practical environmental option (BPEO) concept and its relevance to planning and discusses the European directive on environmental impact assessment (EIA) and British proposals for its implementation. It examines USA experience with EIA and makes recommendations to help ensure that EIA and BPEO can be equated with good environmental planning. |
| 690 ## - LOCAL SUBJECT ADDED ENTRY--TOPICAL TERM (OCLC, RLIN) | |
| Topical term or geographic name as entry element | PLANNING LAW AND PRACTICE |
| 942 ## - ADDED ENTRY ELEMENTS (KOHA) | |
| Suppress in OPAC | 0 |
| 948 ## - LOCAL PROCESSING INFORMATION (OCLC); SERIES PART DESIGNATOR (RLIN) | |
| c (OCLC) | 04/03/1997 |
| Withdrawn status | Lost status | Source of classification or shelving scheme | Damaged status | Not for loan | Home library | Current library | Shelving location | Date acquired | Total Checkouts | Full call number | Barcode | Date last seen | Copy number | Price effective from | Koha item type |
|---|---|---|---|---|---|---|---|---|---|---|---|---|---|---|---|
| Dewey Decimal Classification | London | London | Journal article | 14/09/1999 | ABS39207 | 15068-1001 | 06/08/2019 | 1 | 06/08/2019 | Journal article |